000
00325nam a22001457a 4500
003
SGT
020
_a
9783030513863
082
_a
532.076,LON
100
_a
LONGO,SANDRO
245
_a
PROBLEMS IN HYDRAULICS AND FLUID MECHANICS
260
_b
SPRINGER
_c
2020
300
_a
340
650
_a
Fluid mechanics
942
_2
ddc
_c
BK
999
_c
22038
_d
22038